Tacos altos / (Registro nro. 247190)

Detalles MARC
000 -LEADER
fixed length control field 01845nam a2200433 i 4500
001 - CONTROL NUMBER
control field DIGANAGRA0495
003 - CONTROL NUMBER IDENTIFIER
control field NyNyDIG
006 - FIXED-LENGTH DATA ELEMENTS--ADDITIONAL MATERIAL CHARACTERISTICS
fixed length control field m o d
007 - PHYSICAL DESCRIPTION FIXED FIELD--GENERAL INFORMATION
fixed length control field cr |||||||||||
008 - FIXED-LENGTH DATA ELEMENTS--GENERAL INFORMATION
fixed length control field 210315s2016 sp o 000 f spa d
035 ## - SYSTEM CONTROL NUMBER
System control number (OCoLC)952024156
040 ## - CATALOGING SOURCE
Original cataloging agency DGITA
Language of cataloging eng
Description conventions rda
-- pn
Transcribing agency DGITA
020 ## - INTERNATIONAL STANDARD BOOK NUMBER
International Standard Book Number 9788433937032
Qualifying information eBook
020 ## - INTERNATIONAL STANDARD BOOK NUMBER
Canceled/invalid ISBN 9788433998095
050 14 - LIBRARY OF CONGRESS CALL NUMBER
Classification number PQ7798.2.E3 ebook
082 04 - DEWEY DECIMAL CLASSIFICATION NUMBER
Classification number 863.64
-- Fic
100 1# - MAIN ENTRY--PERSONAL NAME
Personal name Jeanmaire, Federico,
Relator term author.
245 10 - TITLE STATEMENT
Title Tacos altos /
Statement of responsibility, etc. Federico Jeanmaire.
250 ## - EDITION STATEMENT
Edition statement Edición en formato digital.
264 #1 - PRODUCTION, PUBLICATION, DISTRIBUTION, MANUFACTURE, AND COPYRIGHT NOTICE
Place of production, publication, distribution, manufacture Barcelona :
Name of producer, publisher, distributor, manufacturer Editorial Anagrama,
Date of production, publication, distribution, manufacture, or copyright notice [2016]
300 ## - PHYSICAL DESCRIPTION
Extent 1 online resource.
336 ## - CONTENT TYPE
Content type term text
Content type code txt
Source rdacontent
337 ## - MEDIA TYPE
Media type term computer
Media type code c
Source rdamedia
338 ## - CARRIER TYPE
Carrier type term online resource
Carrier type code cr
Source rdacarrier
347 ## - DIGITAL FILE CHARACTERISTICS
File type text file
Source rdaft
347 ## - DIGITAL FILE CHARACTERISTICS
Encoding format EPUB
490 1# - SERIES STATEMENT
Series statement Narrativas hispánicas
520 ## - SUMMARY, ETC.
Summary, etc. The protagonist of this novel was born in China, grew up in Argentina, returned home and as a teenager, went to America as an interpreter for businessmen. This novel hides a story of initiation and also a story about identity and culture shock; and another, with a police plot and the needs to close wounds, revenge and perhaps justice.
588 0# - SOURCE OF DESCRIPTION NOTE
Source of description note Online resource; title from ePub title page (Digitalia, viewed March 15, 2021)
655 #7 - INDEX TERM--GENRE/FORM
Genre/form data or focus term Fiction.
Source of term lcgft
655 #0 - INDEX TERM--GENRE/FORM
Genre/form data or focus term Electronic books.
776 08 - ADDITIONAL PHYSICAL FORM ENTRY
Relationship information Print version:
Main entry heading Jeanmaire, Federico.
Title Tacos altos.
Place, publisher, and date of publication Barcelona : Editorial Anagrama, 2016
International Standard Book Number 9788433998095
Record control number (DLC) 2016444186
-- (OCoLC)944029837
791 2# -
-- Digitalia (Firm),
-- distributor.
793 0# -
-- Digitalia Hispánica eBook Collection:
-- Anagrama
830 #0 - SERIES ADDED ENTRY--UNIFORM TITLE
Uniform title Narrativas hispánicas ;
Volume/sequential designation 562.
856 40 - ELECTRONIC LOCATION AND ACCESS
Materials specified Digitalia Hispánica
Uniform Resource Identifier <a href="https://www.digitaliapublishing.com/a/42248/">https://www.digitaliapublishing.com/a/42248/</a>
910 ## - USER-OPTION DATA (OCLC)
User-option data Premium Collection: 2021
942 ## - ADDED ENTRY ELEMENTS (KOHA)
Koha item type Recurso Electrónico
Existencias
Withdrawn status Lost status Damaged status Not for loan Collection Home library Current library Date acquired Total checkouts Date last seen Price effective from Koha item type
        Digitalia Ebooks Hispanica Biblioteca Digital UIN Biblioteca Digital UIN 04/25/2025   04/25/2025 04/25/2025 Recurso Electrónico

CONTACTO


NOSOTROS


SITIOS DE INTERES

coordinacion.biblioteca.biblioteca@unienlinea.mx Misión, Visión y Objetivos Bases de datos
Directorio Bibliotecas Digitales y Repositorios
Normatividad Revistas y artículos
Convenios interbibliotecarios
Boletines



Hecho en México. Universidad Insurgentes (UIN). Todos los derechos reservados 2024. Esta página y sus contenidos pueden ser reproducidos con fines no lucrativos, siempre y cuando no se mutile, se cite la fuente completa y su dirección electrónicas. De otra forma requiere permiso previo por escrito de la institución




2024 Copyright Universidad Insurgentes | www.bibliouin.com.mx